000 01024nac a22003017a 4500
001 BR9301518
003 BR-BrBNA
005 20240105121441.0
008 230509b bl.|||m| |||| 00| 0 por d
040 _aBR-BrBNA
_bpor
_cBiblioteca Nacional de Agricultura
072 _aF06; A50
090 _aF06 BR9301518
100 1 _aOliveira, A.B. de
100 1 _aPitombeira, J.B.
110 1 _aEmpresa Brasileira de Pesquisa Agropecuaria, Brasilia, DF (Brasil). Depto. de Estudos e Pesquisas
_93844
245 1 _aDiagnostico e prioridades de pesquisa em agricultura irrigada, Regiao Sudeste
260 3 _aBrasilia, DF (Brasil):
_c1988.
300 _a174 p.
490 _aDocumentos - Empresa Brasileira de Pesquisa Agropecuaria. Depto. de Estudos e Pesquisas
_vno. 33
_x
500 _a58 tables; 18 ref.
650 _aIrrigacao
650 _aDrenagem
650 _aBalanco Hidrico
650 _aMicrobacia
650 _aRegiao Sudeste
909 _a202312
_bLúcia Elande
_c55
_dLúcia Elande
942 _2AGRIS
_n0
_cMS
999 _c285389
_d285389